bruno mars - runaway baby (all lyrics) - Statistics

General Stats
  • This quiz has been taken 358 times
  • The average score is 317 of 401
Answer Stats
Answer % Correct
a
99%
i
97%
you
96%
baby
95%
be
94%
away
93%
run
93%
do
92%
what
92%
so
91%
is
90%
me
89%
that
89%
cause
88%
my
88%
on
88%
the
88%
we
88%
have
87%
know
87%
get
86%
go
86%
her
86%
i'm
86%
love
86%
to
86%
better
85%
it
85%
before
84%
every
84%
little
84%
say
84%
end
83%
for
83%
spell
83%
put
82%
here
81%
when
81%
but
80%
don't
80%
she
80%
that's
80%
everything
79%
of
79%
darling
78%
i'll
77%
Please
77%
please
77%
pretty
77%
at
76%
true
76%
yeah
76%
another
75%
night
75%
stay
75%
alone
74%
grab
73%
heard
73%
holding
73%
never
73%
does
72%
girl
72%
stone
72%
this
72%
up
72%
rolling
71%
and
70%
looky
70%
will
70%
your
70%
ahh
69%
well
69%
no
68%
they
68%
tell
67%
all
66%
you'll
66%
heart
65%
in
65%
play
65%
yes
65%
carrot
63%
heart
63%
share
63%
meet
62%
one
62%
ready
62%
gotta
61%
poor
61%
hey
60%
knows
60%
only
60%
there
60%
like
59%
young
58%
hand
57%
i'd
57%
wolf
57%
bunnies
56%
palm
56%
clothing
55%
many
55%
sheeps
55%
out
54%
should
54%
lord
53%
theres
53%
eating
52%
pursue
52%
thang
52%
eager
51%
let
51%
even
49%
hurt
49%
now
48%
just
47%
think
47%
though
47%
want
46%
work
44%
see
38%
ain't
36%
trying
36%
if
35%
scared
28%
what's
25%
no-no
7%
yup-yup
4%
No matching quizzes found
Score Distribution
Percent of People with Each Score
Percentile by Number Answered
Your Score History
You have not taken this quiz